000 00425nam a22001697a 4500
003 OSt
005 20211129150840.0
008 211129b |||||||| |||| 00| 0 eng d
020 _a192900746-9
040 _aDDC
_cHU
082 _27TH
_a616.07572
_b1
100 _aLOTHAR WICKE
_920973
245 _aATLAS OF RADIOLOGIC ANATOMY
250 _a7TH
260 _aNEW JERSEY
_bICON LEARNING SYSTEMS
_c2004
942 _2ddc
_cBOOKS
_n0
999 _c20592
_d20592